000 02353nam a22003853i 4500
001 BDZ0055238704
003 StDuBDS
005 20241029150116.0
007 cr||||||||||||
008 240509s2024 enk go 000|0 eng d
020 _a9781784462574 :
_c125.00
040 _aStDuBDS
_beng
_erda
_cStDuBDS
072 7 _a1DBK
_2bicssc
072 7 _aLAT
_2bicssc
072 7 _aLNS
_2bicssc
072 7 _aLAW
_2ukslc
072 7 _a1DDU
_2thema
072 7 _aLAT
_2thema
072 7 _aLNS
_2thema
100 1 _aAndrew, Butler KC,
_eauthor.
245 1 0 _aBuilding Safety Act 2022 /
_cButler KC Andrew.
264 1 _a[Place of publication not identified] :
_bLaw Society,
_c2024.
300 _a1 online resource
336 _atext
_2rdacontent
337 _aunmediated
_2rdamedia
338 _avolume
_2rdacarrier
366 _b20240502
_cAvailable
520 8 _aThe Building Safety Act 2022 is an important and complex new piece of legislation which is causing confusion for conveyancers and other property professionals. Written by a team of practising barristers from Tanfield Chambers specialising in residential and commercial property work, this book provides a practical guide to the Act and focuses on key issues for property lawyers, including: the impact of the Act on the recoverability of service charges use of the landlord's certificate and leaseholder deed of certificate the role/relevance of accountable persons and principal accountable persons remediation orders and remediation contribution orders building liability orders amendments to the Building Act 1984 and Defective Premises Act 1972 (including the extension of limitation periods) liability in relation to construction products applications to the First-tier Tribunal under the Act.Containing two chapters written by conveyancer and well-known legal trainer Ian Quayle, it covers all aspects of the Act, with a particular focus on the implications for purchasers, leaseholders, landlords and managing agents, tenants, property developers and those advising them.
650 7 _aBUILDING SAFETY ACT 2022
650 7 _aLaw
650 7 _aFIRE SAFETY
650 7 _aEBOOK
856 4 0 _uhttps://www.vlebooks.com/product/openreader?id=RICS&accId=9491556&isbn=9781784462574
_zAvailable on VLeBooks (email [email protected] if you do not have a login)
942 _2ddc
999 _c122040
_d122040